Návrh slnečného energetického systému v rodinnom dome
Saved in:
| Main Author: | |
|---|---|
| Other Authors: | |
| Format: | Manuscript Book |
| Language: | Slovak |
| Published: |
2017
|
| Subjects: | |
| Online Access: | http://is.stuba.sk/zp/portal_zp.pl?podrobnosti=124259 https://opac.crzp.sk/?fn=detailBiblioForm&sid=E06C6FAF64E52D017C4F875131AA |
| Tags: |
No Tags, Be the first to tag this record!
|
MARC
| LEADER | 00000ntm a22000003a 4500 | ||
|---|---|---|---|
| 001 | stuzp56614 | ||
| 003 | SK-STU | ||
| 005 | 20230718104031.2 | ||
| 007 | ta | ||
| 008 | 150427s2015----xo-----f-mn---000-0-slo-d | ||
| 040 | |a STU |b slo | ||
| 041 | 0 | |a slo | |
| 100 | 1 | |a Stanko, Michal |u 010290 |4 aut |U SvF Stavebná fakulta |T SvF Katedra technických zariadení budov |X 62851 |U V290 |Y 31 |7 62851 | |
| 242 | 0 | 1 | |a Proposal solar energy system in a family house |y eng |
| 245 | 1 | 0 | |a Návrh slnečného energetického systému v rodinnom dome |
| 260 | |c 2017 | ||
| 650 | 4 | |a solárny systém |2 slo | |
| 650 | 4 | |a energetická bilancia domu |2 slo | |
| 650 | 4 | |a obnovitelné zdroje |2 slo | |
| 650 | 4 | |a solar system |2 eng | |
| 650 | 4 | |a energy balance |2 eng | |
| 650 | 4 | |a Renewable energy |2 eng | |
| 700 | 1 | |a Skalík, Lukáš |u 010290 |k Z8 |4 ths |U SvF Stavebná fakulta |T SvF Katedra technických zariadení budov |X 16316 |U V290 |Y 31 |7 A000016316 | |
| 856 | 4 | |u http://is.stuba.sk/zp/portal_zp.pl?podrobnosti=124259 | |
| 856 | 4 | |u https://opac.crzp.sk/?fn=detailBiblioForm&sid=E06C6FAF64E52D017C4F875131AA | |